[Event "Foment Martinenc op-C 24th"]
[Site "Barcelona"]
[Date "2024.05.11"]
[Round "4"]
[White "Jorba Juez, Guillem"]
[Black "Cuenca Marquez, Daniel"]
[Result "1-0"]
[WhiteElo "1681"]
[BlackElo "1453"]
[PlyCount "139"]
[EventDate "2024.04.20"]
[EventType "swiss"]
[EventRounds "9"]
[EventCountry "ESP"]
[SourceTitle "CBM 220 Extra"]
[Source "ChessBase"]
[SourceDate "2024.07.31"]
[SourceVersion "1"]
[SourceVersionDate "2024.07.31"]
[SourceQuality "1"]

1. d4 Nf6 2. Nf3 d5 3. e3 e6 4. Bd3 Bd6 5. Nbd2 0-0 6. 0-0 Nbd7 7. e4 dxe4 8. Nxe4 Nxe4 9. Bxe4 f5 10. Bd3 b6 11. Bg5 Qe8 12. Bb5 a6 13. Bc4 h6 14. Bh4 b5 15. Bb3 Bb7 16. Re1 Be4 17. Nd2 g5 18. Nxe4 fxe4 19. Rxe4 Rf6 20. Qg4 Nf8 21. Rae1 Qg6 22. Bg3 Re8 23. Be5 Bxe5 24. Rxe5 Rf4 25. Qd1 Qf7 26. f3 Qd7 27. d5 Rf6 28. Qe2 Kf7 29. dxe6+ Nxe6 30. Bxe6+ Rexe6 31. Rxe6 Rxe6 32. Qxe6+ Qxe6 33. Rxe6 Kxe6 34. Kf2 Ke5 35. Ke3 h5 36. g3 c5 37. a3 c4 38. b3 cxb3 39. cxb3 a5 40. h3 a4 41. b4 Kd5 42. f4 g4 43. h4 Kc4 44. f5 Kd5 45. Kf4 Kd6 46. Kg5 Ke5 47. f6 Ke6 48. Kg6 Kd5 49. f7 Kc4 50. f8Q Kb3 51. Qc5 Kxa3 52. Qxb5 Kb3 53. Qxa4+ Kxa4 54. Kxh5 Kxb4 55. Kxg4 Kc5 56. Kf5 Kd5 57. h5 Kd6 58. Kf6 Kd5 59. h6 Ke4 60. h7 Kf3 61. h8Q Kxg3 62. Kf5 Kf3 63. Qc3+ Ke2 64. Ke4 Kf2 65. Qa3 Kg2 66. Kf4 Kh2 67. Kg4 Kg2 68. Qb2+ Kf1 69. Kf3 Kg1 70. Qg2# 1-0